| 000 | 00936nam a2200289Ia 4500 | ||
|---|---|---|---|
| 003 | CO-BoRNBP | ||
| 005 | 20230614143849.0 | ||
| 007 | ta | ||
| 008 | 141017s1999 ck a gr 000 j spa | ||
| 020 | _a9580455724 | ||
| 040 |
_aCO-BoRNBP _bspa _erda _cCO-BoRNBP |
||
| 041 | 0 | _aspa | |
| 084 | _aC GAR2 | ||
| 100 | 1 |
_aGarcía Márquez, Gabriel _d1928-2014 _92575 |
|
| 245 | 1 | 0 |
_aMaría dos Prazeres _cGabriel García Márquez ; ilustraciones de Carme Solé Vendrell |
| 250 | _aPrimera edición | ||
| 264 |
_aBogotá _bNorma _c1999 |
||
| 300 |
_a28 páginas _bilustraciones _c28 cm |
||
| 336 |
_atexto _btxt _2rdacontent |
||
| 337 |
_asin mediación _bn _2rdamedia |
||
| 338 |
_avolumen _bnc _2rdacarrier |
||
| 650 | 1 | 4 |
_aCuentos infantiles colombianos _2LEMB _92369 |
| 650 | 1 | 4 |
_aLiteratura infantil colombiana _2LEMB _934 |
| 650 | 1 | 4 |
_aNiños _vCuentos _2LEMB _92576 |
| 700 | 1 |
_aSolé Vendrell, Carmé _eilustrador _92577 |
|
| 942 | _cBKINF | ||
| 999 |
_c9666 _d9666 |
||